Statistics for Guess the football player with a green shirt

Click here to take the quiz!

General Stats

  • This quiz has been taken 23 times
  • The average score is 9 of 16

Answer Stats

Answer% Correct
David De Gea
95%
Kevin De Bruyne
95%
Arjen Robben
85%
Virgil Van Dijk
85%
Eric Choupo-Moting
75%
Isco
65%
Nabil Fekir
60%
Alejandro Garnacho
55%
Raphaël Guerreiro
55%
Ridle Baku
50%
Zack Steffen
50%
Francesco Acerbi
30%
John McGinn
30%
Wilfred Ndidi
30%
João Phalinha
10%
Sinan Bolat
10%

Score Distribution

Percentile by Number Answered

Percent of People with Each Score

Your Score History

You have not taken this quiz